| 000 | 00502nam a2200169Ia 4500 | ||
|---|---|---|---|
| 008 | 110201s9999 xx 000 0 und d | ||
| 082 |
_bB6008 _aKS 936 |
||
| 100 | _aपानवलकर श्री.दा. | ||
| 245 | _aकांचन | ||
| 260 | _bमौज प्रकाशन | ||
| 365 | _b100 | ||
| 600 | _aपानवलकर श्री.दा. | ||
| 630 | _aकांचन | ||
| 700 | _aपानवलकर श्री.दा. | ||
| 730 | _aकांचन | ||
| 942 | _cBOOK | ||
| 999 |
_c831726 _d831723 |
||